Uptown Funk - Mark Ronson ft. Bruno Mars Lyrics - Statistics

General Stats
  • This quiz has been taken 313 times
  • The average score is 325 of 498
Answer Stats
Answer % Correct
I
97%
up
92%
to
88%
the
87%
a
86%
funk
86%
it
86%
o
85%
uptown
85%
you
85%
This
83%
in
81%
on
78%
me
77%
hot
76%
Hot
76%
my
76%
too
76%
and
75%
And
75%
Don't
75%
don't
75%
what
75%
girls
74%
Girls
74%
just
74%
that
74%
I'm
73%
believe
72%
so
72%
damn
71%
watch
71%
who
71%
Say
70%
say
70%
we
70%
ice
69%
police
68%
city
67%
cold
67%
fireman
67%
give
67%
for
66%
good
66%
night
66%
am
65%
Got
64%
know
64%
livin
63%
Michelle
63%
name
63%
Saturday
63%
saturday
63%
man
61%
gon
60%
them
60%
Them
60%
white
60%
Cause
59%
pretty
59%
gold
58%
one
58%
kiss
57%
myself
57%
oh
57%
retire
57%
call
56%
Call
56%
hallelujah
56%
spot
56%
straight
54%
wanna
54%
dragon
53%
hood
53%
Make
53%
down
52%
Jackson
52%
Mississippi
52%
come
51%
hit
51%
then
51%
show
50%
Stylin
50%
your
50%
wait
49%
Gotta
48%
minute
48%
Stop
48%
break
47%
get
45%
masterpieces
45%
some
45%
put
44%
Hollywood
43%
cup
40%
liquor
40%
than
40%
Fill
39%
Hey
39%
hey
39%
If
39%
if
39%
out
38%
check
37%
Julio
37%
Pfeiffer
37%
fresh
36%
money
36%
sign
35%
Smoother
35%
with
34%
of
32%
Saint
32%
Take
32%
Harlem
31%
said
31%
stretch
31%
Chucks
30%
Skippy
30%
dance
29%
wilin
29%
Laurent
28%
jump
27%
sip
27%
bout
26%
sexy
26%
Woo
25%
jar
23%
Bitch
22%
ow
21%
about
18%
band
18%
flaunt
18%
leave
18%
Ride
18%
tell
18%
Uh
18%
uh
18%
own
16%
something
15%
Before
14%
well
14%
brag
12%
freaky
12%
lil
11%
yall
10%
Lemme
9%
aw
7%
No matching quizzes found
Score Distribution
Percent of People with Each Score
Percentile by Number Answered
Your Score History
You have not taken this quiz